Open Data Biblioteca Nacional de Portugal


República Portuguesa: Ministério da Cultura
Biblioteca Nacional de Portugal

Catálogo da BNP: acesso por Identificadores Unívocos
Registos Bibliográficos associados ao registo de autoridade

Etiqueta de registo: 00000nam 2200025 450
001 1908008
003 http://id.bnportugal.gov.pt/bib/catbnp/1908008
021 ## $aPT$b384486/14
100 ## $a20150818d2014 a y0pory01030103ba
101 0# $apor
102 ## $aPT
105 ## $aa z 000yy
106 ## $ar
200 1# $aHistória(s) da Santa Casa$fLuís Arezes$gil. Liliana Barbosa$g[ed. lit.] Santa Casa da Misericórdia de Ponte da Barca
210 #9 $aPonte da Barca$cSanta Casa da Misericórdia de Ponte da Barca,$d2014
215 ## $a53 p.$cil.$d24 cm
320 ## $aBibliografia, p. 53
675 ## $a087.5$vBN$zpor$3287999
675 ## $a364-3(469.111)(0.053.5)$vBN$zpor$31618276
675 ## $a272-784(469.111)(0.053.5)$vBN$zpor$31618277
700 #1 $aArezes,$bLuís$31195611
702 #1 $aBarbosa,$bLiliana$4440$31618185
712 02 $aSanta Casa da Misericórdia$c(Ponte da Barca)$4340$31146447
801 #0 $aPT$bBN$gRPC
856 41 $uhttp://rnod.bnportugal.gov.pt/ImagesBN/winlibimg.aspx?skey=&doc=1908008&img=65684&save=true
900 ## $aBIBNAC$d20151012
966 ## $lBN$mFGMON$sP. 42601 V.$x1
966 ## $lBN$mFGMON$sP. 42601 V.-D$x1

Etiqueta de registo: 00254nam 2200025 450
001 2283694
003 http://id.bnportugal.gov.pt/bib/catbnp/2283694
010 ## $a978-989-33-7655-3$z978-989-334451
021 ## $aPT$b548666/25
100 ## $a20260406d2025 m y0pory01030103ba
101 0# $apor
102 ## $aPT
105 ## $aa z 000gy
106 ## $ar
200 1# $a O tempo do silêncio em teu olhar$fJosé Carlos Barbosa$gil. Liliana Barbosa
210 #9 $aViana do Castelo$c[s.n.],$d2025
215 ## $a65, [2] p.$cil.$d23 cm
675 ## $a821.134.3-1"20"$vBN$zpor$31023893
700 #1 $92$aBarbosa,$bJosé Carlos$31994763
702 #1 $aBarbosa,$bLiliana$4440$31618185
801 #0 $aPT$bBN$gRPC
856 41 $uhttp://rnod.bnportugal.gov.pt/ImagesBN/winlibimg.aspx?skey=&doc=2283694&img=221662&save=true
900 ## $aBIBNAC$d20260430
966 ## $lBN$mFGMON$sL. 181500 V.$x1
966 ## $lBN$mFGMON$sL. 181500 V.-D$x1
971 ## $cisantos$d20260406
972 ## $e0$z0$d20260430$vasantos
973 ## $cigoulao$d20260423

Etiqueta de registo: 00254nam 2200025 450
001 2283765
003 http://id.bnportugal.gov.pt/bib/catbnp/2283765
010 ## $a978-989-33-4451-4
021 ## $aPt$b515766/23
100 ## $a20260407d2023 m y0pory01030103ba
101 0# $apor
102 ## $aPT
105 ## $aa z 000gy
106 ## $ar
200 1# $aÁguas escorrem por um fio - 50 poemas$fJosé Carlos Barbosa$gil. Liliana Barbosa
210 #9 $aViana do Castelo$c[s.n.],$d2023
215 ## $a75 p.$cil.$d23 cm
675 ## $a821.134.3-1"20"$vBN$zpor$31023893
700 #1 $92$aBarbosa,$bJosé Carlos$31994763
702 #1 $aBarbosa,$bLiliana$4440$31618185
801 #0 $aPT$bBN$gRPC
856 41 $uhttp://rnod.bnportugal.gov.pt/ImagesBN/winlibimg.aspx?skey=&doc=2283765&img=221982&save=true
900 ## $aBIBNAC$d20260511
966 ## $lBN$mFGMON$sL. 181671 V.$x1
966 ## $lBN$mFGMON$sL. 181671 V.-D$x1
971 ## $cssilva$d20260407
972 ## $e0$z0$d20260511$vlrevez
973 ## $cigoulao$d20260429
975 ## $e0$d20260519$viquintas

OpendataBNP@bnportugal.pt | Mais informação sobre acesso aos dados BNP